Základné princípy samosprávy

Vysvetlenie vzťahu samosprávy k verejnej správe. Samospráva ako významný faktor občianskej spoločnosti a miery demokratickosti jej usporiadania. Dve formy samosprávy - územná a záujmová. Problematika územnej samosprávy. Atribúty a prejavy samosprávy. Prejavy funkcie samosprávy. Koncipovanie verejnej...

Ausführliche Beschreibung

Gespeichert in:
Bibliographische Detailangaben
1. Verfasser: Rehůřek, M.
Format: Buchkapitel
Sprache:Slowakisch
Schlagworte:
Tags: Tag hinzufügen
Keine Tags, Fügen Sie das erste Tag hinzu!

MARC

LEADER 00000naa a2200000 4500
001 r022236
005 20230825075839.3
041 0 |a slo 
044 |a SK 
245 1 0 |a Základné princípy samosprávy  |c M. Rehůřek 
520 |a Vysvetlenie vzťahu samosprávy k verejnej správe. Samospráva ako významný faktor občianskej spoločnosti a miery demokratickosti jej usporiadania. Dve formy samosprávy - územná a záujmová. Problematika územnej samosprávy. Atribúty a prejavy samosprávy. Prejavy funkcie samosprávy. Koncipovanie verejnej správy. 
610 2 0 |a samospráva 
610 2 0 |a správa verejná 
610 2 0 |a pojmy 
610 2 0 |a spoločnosť 
610 2 0 |a demokratizácia 
610 2 0 |a správa štátna 
100 1 |a Rehůřek, M.